| 000 | 01334nam a2200289 i 4500 | ||
|---|---|---|---|
| 003 | EG-ScBUE | ||
| 005 | 20240129102427.0 | ||
| 008 | 100823s1993 jo f 000 0 ara d | ||
| 040 |
_aEG-ScBUE _bara _erda _cEG-ScBUE _dEG-ScBUE |
||
| 043 | _an-us--- | ||
| 082 | 0 | 4 |
_222 _a973 _bب و ر |
| 100 | 1 |
_917622 _aبورستين، دانييل ج.، _d1914-2004، _eمؤلف. |
|
| 240 | 1 | 0 |
_aAmericans : the national experience. _lArabic |
| 245 | 1 | 2 |
_aالأمريكيون : _bالتجربة الوطنية / _cتأليف دانيل جى. بورستن، مؤلف كتاب المكتشفون ؛ تدقيق وتحرير الدكتور فاروق منصور. |
| 264 | 1 |
_a[عمان، الأردن] : _bمركز الكتب الأردني، _c1993. |
|
| 300 |
_a626 صفحة ؛ _c24 سم |
||
| 336 |
_2rdacontent _aنص _btxt |
||
| 337 |
_aبدون وسيط _2rdamedia _bn |
||
| 338 |
_aمجلد _bnc _2rdacarrier |
||
| 541 |
_aألف باء ؛ _cشراء ؛ |
||
| 650 | 7 |
_917626 _aالحضارة الأمريكية. _2BUEsh |
|
| 650 | 7 |
_917627 _aالديمقراطية _zالولايات المتحدة الأمريكية. _2BUEsh |
|
| 650 | 7 |
_917628 _aالولايات المتحدة الأمريكية _xتاريخ. _2BUEsh |
|
| 655 | _vReading book | ||
| 700 | 1 |
_917629 _aمنصور، فاروق، _eمدقق، _eمحرر. |
|
| 942 |
_2ddc _cBB |
||
| 999 |
_c14686 _d14686 |
||